Statistiche per Paesi che iniziano con la M

Clicka qui per fare il quiz!

Statistiche generali

  • Questo quiz è stato fatto 2,233 volte
  • Il punteggio medio è 13 su 18

Statistiche sulle risposte

Paese % Correct
Madagascar
82%
Mali
82%
Mauritania
81%
Messico
79%
Marocco
77%
Moldavia
75%
Malesia
75%
Mongolia
74%
Mauritius
73%
Macedonia
72%
Mozambico
71%
Malta
69%
Maldive
69%
Malawi
67%
Monaco
66%
Montenegro
63%
Myanmar
54%
Micronesia
52%

Distribuzione punteggi

Percentile per numero di risposta

Percentuale di utenti per punteggio

I tuoi punteggi nel tempo

Non hai fatto questo quiz